Industrial wastes : (Record no. 1658)

MARC details
000 -LEADER
fixed length control field 00534nam a2200169 4500
001 - CONTROL NUMBER
control field 2112
005 - DATE AND TIME OF LATEST TRANSACTION
control field 20181127164600.0
008 - FIXED-LENGTH DATA ELEMENTS--GENERAL INFORMATION
fixed length control field 790416s1953 nyua 000 0 eng
010 ## - LIBRARY OF CONGRESS CONTROL NUMBER
LC control number 52009792
020 ## - INTERNATIONAL STANDARD BOOK NUMBER
International Standard Book Number 8177542761
Terms of availability
Canceled/invalid ISBN
100 1# - MAIN ENTRY--PERSONAL NAME
Personal name Rudolfs, Willem,
Dates associated with a name 1886-
Relator term ed.
245 10 - TITLE STATEMENT
Title Industrial wastes :
Remainder of title Their disposal and treatment /
Statement of responsibility, etc. Willem Rudolfs.
260 ## - PUBLICATION, DISTRIBUTION, ETC.
Place of publication, distribution, etc. Jodhpur :
Name of publisher, distributor, etc. Agrobios,
Date of publication, distribution, etc. 2006.
300 ## - PHYSICAL DESCRIPTION
Extent 523 p.
Other physical details
Dimensions
490 0# - SERIES STATEMENT
Series statement American Chemical series [i.e. Society] Monograph series, no. 118
650 #0 - SUBJECT ADDED ENTRY--TOPICAL TERM
Topical term or geographic name entry element Factory and trade waste.
Holdings
Withdrawn status Lost status Source of classification or shelving scheme Damaged status Not for loan Collection code Home library Current library Shelving location Date acquired Cost, normal purchase price Serial Enumeration / chronology Inventory number Full call number Barcode Date last seen Price effective from Koha item type
    Dewey Decimal Classification     Main TEST RTC Library RTC Library Main opac 08/03/2022 1200.00 3059 628.4 RUD 30003291 27/11/2018 27/11/2018 Main
Royal Thimphu College || All Right Reserved